000 00307 a2200109 4500
001 ART_11013
005 20260410161849.0
008 260409a
245 1 0 _aEconometría dinámica
100 1 _aAhumada, Hildegart
773 0 _tEconómica
_g- Año XXXIII,Nº 2 (jul./dic. 1987)
_wREV7541
999 _c24856
_d24856